| 000 | 01585cam a2200349 a 4500 | ||
|---|---|---|---|
| 001 | 3053529 | ||
| 003 | OSt | ||
| 005 | 20140310181619.0 | ||
| 008 | 960718s1996 nyu 000 1 eng | ||
| 010 | _a 96032957 | ||
| 020 | _a0517702967 | ||
| 040 |
_aDLC _cDLC _dDLC _dOCoLC _dDLC |
||
| 050 | 0 | 0 |
_aPR 6056 _b.F667 1996 |
| 082 | 0 | 0 |
_aFIC _bF72t 1996 |
| 100 | 1 |
_aFollett, Ken. _917302 |
|
| 245 | 1 | 4 |
_aThe third twin : _ba novel / _cKen Follett. |
| 250 | _a1st ed. | ||
| 260 |
_aNew York : _bCrown Publishers, _cc1996. |
||
| 300 |
_a422 p. ; _c25 cm. |
||
| 520 | _aUsing a restricted FBI database, genetic researcher Jeannie Ferrami has located identical twins born to different mothers. Frightened by her bizarre discovery, she is determined to discover the truth at any cost -- until she fines herself at the center of a scandal that could ruin her career. | ||
| 650 | 0 |
_aGenetics _xResearch _xFiction. _917330 |
|
| 650 | 0 |
_aWomen scientists _xFiction. _917331 |
|
| 650 | 0 |
_aConspiracies _xFiction. _917332 |
|
| 655 | 7 |
_aAdventure stories. _2gsafd _92927 |
|
| 856 | 4 | 2 |
_3Contributor biographical information _uhttp://www.loc.gov/catdir/bios/random057/96032957.html |
| 856 | 4 | 1 |
_3Sample text _uhttp://www.loc.gov/catdir/samples/random043/96032957.html |
| 856 | 4 | 2 |
_3Publisher description _uhttp://www.loc.gov/catdir/description/random049/96032957.html |
| 906 |
_a7 _bcbc _corignew _d1 _eocip _f19 _gy-gencatlg |
||
| 942 |
_2lcc _cBK-FIC _kFIC |
||
| 999 |
_c60 _d60 |
||